000 00622nam a22001937a 4500
005 20140909153919.0
010 _aENG-110773
020 _a9788183875592
_c1195.00
035 _aEN-94305
037 _bDBAD/PUB
082 _a320.954
100 _aRamachandhra Reddy, G.
245 _aCrisis of governance :
_cby G. Ramachandhra Reddy
_bmacro and micro level /
260 _aNew Delhi
_bSerials Publications
_c2012
270 _a4830/24, Prahlad street, Ansari Road, Darya Ganj
_bNew Delhi
_e110002
300 _axxxviii,298p.
_c23cm(Hb)
500 _aIncludes index
942 _2ddc
_cEN
_h320.954
_mRAM
999 _c88395
_d88395